000 00561nam a2200193 a 4500
001 17938
003 CO-ViMGA
008 141112s2004 ck r 000 u spa d
020 _a9589550487
040 _aCO-ViMGA
_bspa
_cCO-ViMGA
082 0 4 _a551.21 V652
100 1 _aEstevez Bianchini, Tomás; Ceballos Lievano, Jorge Luis
_925385
245 1 0 _aVolcanes de Colombia
260 _aBogotá,
_cBanco de Occidente,
_c1997
300 _a206.p.
590 _aForma de adquisición : Premio - Mincultura
650 1 4 _aVOLCANES - COLOMBIA
_97167
942 _2ddc
_cBK
999 _c27337
_d27337